| 000 | 01112nam0a2200277 4500 | ||
|---|---|---|---|
| 001 | RU\NLR\BIBL_A\016333744 | ||
| 005 | 20250625044526.0 | ||
| 010 | _91400 | ||
| 035 | _a(NLR Aleph) 016333744 | ||
| 090 |
_a13314910 _c13314910 |
||
| 100 | _a20230404d1949 |||y0rusy50 ca | ||
| 101 | 0 |
_adar _crus |
|
| 102 | _aRU | ||
| 105 | _ay z 000 y | ||
| 181 | 0 |
_ai _baxxe |
|
| 182 | 0 | _an | |
| 200 | 1 |
_aСоветский халкьанала цаси хъалибарг _eверхIъибил тема хIясибти материалти _f[Абдуллаев М. ред., Абдуллаев О. пер.] |
|
| 203 |
_aТекст _bвизуальный _cнепосредственный |
||
| 210 |
_aМахIячкъала _cДагъгиз _d1949 |
||
| 215 |
_a32,[1] с. _d20 |
||
| 225 | 1 | _aполитшколабазиб бучIутас кумеклис [в помощь слушателям политшкол] | |
| 541 | 1 |
_aЕдиная семья советских народов _eматериалы по 7-й теме _zrus |
|
| 852 |
_aNLR _bОНЛ _jДарг./2-290 |
||
| 942 | _cBOOK | ||
| 980 | _aNB | ||